| 000 | 01200cab a2200205 4500 | ||
|---|---|---|---|
| 001 | L130068 | ||
| 008 | 050620n2005 000 0 eng u | ||
| 035 | _a(Sirsi) u130068 | ||
| 041 | _aeng | ||
| 100 | _aGordon, Warren | ||
| 245 | _aCase law: Wessex Reserve Forces and Cadets v White and another | ||
| 260 | _c2005 | ||
| 490 |
_aProperty Week _v70(23) 10 June 2005, 77(1) |
||
| 520 | _aDiscusses the case "Wessex Reserve Forces and Cadets Association v White and another" ([2005] 22 EG 132, L130038) where the landlords failed to oppose the renewal of a business lease on the grounds that they intended to demolish the premises. The court found that certain buildings on the site were chattels of the tenant and that the landlords had failed to show a genuine intention to demolish the premises and a reasonable prospect of being able to bring about such a demolition by their own act or volition. | ||
| 590 | _aIKA040705 | ||
| 650 | _aWESSEX RESERVE FORCES AND CADETS ASSOCIATION V WHITE AND ANOTHER | ||
| 650 | _aLANDLORD AND TENANT ACT 1954 PART II | ||
| 690 | _aPROPERTY-COMMERCIAL PROPERTY-LEASEHOLD COMMERCIAL PROPERTY-COMMERCIAL LANDLORD AND TENANT-BUSINESS TENANCIES | ||
| 942 | _n0 | ||
| 999 |
_c75434 _d75434 |
||